| 000 | 00539nam a22001817a 4500 | ||
|---|---|---|---|
| 003 | CEME | ||
| 005 | 20210628201730.0 | ||
| 008 | 210204b xxu||||| |||| 00| 0 eng d | ||
| 020 | _a1-58053-537-2 | ||
| 040 | _c. | ||
| 082 | _a005.84 NAZ | ||
| 100 |
_aNazario, Jose _956573 |
||
| 245 | _aDefense and detection strategies against internet worms | ||
| 260 |
_aBOSTON _bARTECH HOUSE _c2004 |
||
| 300 | _aXXVIII,287P | ||
| 650 |
_aCOMPUTER VIRUSES.COMPUTER NETWORKS-SECURITY MEASURES.INTERNET-SECURITY MEASURES. _956574 |
||
| 942 |
_cBK _2ddc |
||
| 999 |
_c566962 _d566962 |
||